000 005730000a22001690004500
020 _a0-89922-423-7
041 0 _aSPA
082 0 4 _aR 220.3 P1196e
100 1 _aPacker, J. I. (James Innell)
245 1 0 _aEnciclopedia ilustrada de las realidades de la Biblia / J.I. Packer, Merrill C. Tenney, William White, Jr, Editores; Miguel A. Mesías, Traductor.
260 _aMiami, FL., USA : Caribe
300 _a781 Pag.
500 _aTítulo en inglés: Nelson´s Ilustrated encyclopedia of Bible facts.
650 1 4 _aBIBLIA - USOS Y COSTUMBRES
001 61
942 _cBK
999 _c31613
_d31613